[Event "Guernsey Open 47th"]
[Site "Guernsey"]
[Date "2023.10.16"]
[Round "2"]
[White "Goris, Ton"]
[Black "Morgan, Jamie"]
[Result "1/2-1/2"]
[WhiteElo "1881"]
[BlackElo "1774"]
[PlyCount "72"]
[EventDate "2023.10.15"]
[EventType "swiss"]
[EventRounds "7"]
[EventCountry "GCI"]
[SourceVersionDate "2023.10.28"]

1. e4 c5 2. c3 d5 3. exd5 Qxd5 4. d4 g6 5. Nf3 Bg7 6. Na3 cxd4 7. Bc4 Qe4+ 8.
Be3 Nh6 9. cxd4 O-O 10. O-O Bg4 11. Bd3 Qd5 12. Bc4 Qe4 13. Bd3 Qd5 14. Bc4 Qf5
15. Be2 Qd7 16. Qd2 Bxf3 17. Bxf3 Nf5 18. Rfd1 Nc6 19. Bxc6 Qxc6 20. Rac1 Qd7
21. Rc4 Nxe3 22. fxe3 Bh6 23. Qe2 Rac8 24. Rdc1 Qe6 25. Kf2 Rxc4 26. Rxc4 Rc8
27. b3 Rc6 28. Rxc6 Qxc6 29. Nc4 Qf6+ 30. Qf3 Qh4+ 31. Qg3 Qe4 32. Qb8+ Kg7 33.
Qe5+ Qxe5 34. Nxe5 Kf8 35. Kf3 Bg7 36. Ke4 Bxe5 1/2-1/2

[Event "Guernsey Open 47th"]
[Site "Guernsey"]
[Date "2023.10.16"]
[Round "2"]
[White "Gravett, Alan D"]
[Black "Dilleigh, Stephen P"]
[Result "1/2-1/2"]
[WhiteElo "1810"]
[BlackElo "2031"]
[PlyCount "50"]
[EventDate "2023.10.15"]
[EventType "swiss"]
[EventRounds "7"]
[EventCountry "GCI"]
[SourceVersionDate "2023.10.28"]

1. g3 d5 2. Nf3 c6 3. Bg2 Bg4 4. c4 e6 5. cxd5 Bxf3 6. Bxf3 cxd5 7. O-O Nf6 8.
Nc3 Nc6 9. d4 Be7 10. e4 dxe4 11. Nxe4 Qxd4 12. Qxd4 Nxd4 13. Nxf6+ Bxf6 14.
Bxb7 Rb8 15. Ba6 O-O 16. Rb1 Rfd8 17. b3 Nf3+ 18. Kg2 Nd2 19. Bxd2 Rxd2 20. a4
Rbd8 21. Rfe1 g5 22. g4 Rc2 23. Rbd1 Rdd2 24. Rxd2 Rxd2 25. Re2 Rxe2 1/2-1/2

[Event "Guernsey Open 47th"]
[Site "Guernsey"]
[Date "2023.10.16"]
[Round "2"]
[White "Strade, Arita"]
[Black "Stockham, Oliver"]
[Result "1/2-1/2"]
[WhiteElo "1926"]
[BlackElo "1806"]
[PlyCount "130"]
[EventDate "2023.10.15"]
[EventType "swiss"]
[EventRounds "7"]
[EventCountry "GCI"]
[SourceVersionDate "2023.10.28"]

1. e4 e5 2. Nf3 Nc6 3. Bc4 Nf6 4. O-O Be7 5. d3 O-O 6. Re1 d6 7. h3 Na5 8. Nbd2
c5 9. Nf1 Rb8 10. a4 Nxc4 11. dxc4 a6 12. Qd3 Qc7 13. a5 b5 14. axb6 Qxb6 15.
Ne3 Re8 16. Nd2 g6 17. Nb3 Bb7 18. Ng4 Kg7 19. Bh6+ Kg8 20. Nxf6+ Bxf6 21. Rad1
Re6 22. Bd2 Be7 23. Bc3 Rf8 24. Qg3 f5 25. Nd2 Qd8 26. Re2 Bh4 27. Qd3 Qa8 28.
f3 f4 29. Nf1 h5 30. Be1 Bxe1 31. Rdxe1 g5 32. Nh2 Kh8 33. Rd2 Rg6 34. Qe2 Bc8
35. Qd1 Qc6 36. Rd3 Rfg8 37. Re2 g4 38. hxg4 hxg4 39. Nxg4 Bxg4 40. fxg4 Qd7
41. Rh3+ Kg7 42. Rd2 Kf7 43. Rh7+ R8g7 44. Rxg7+ Kxg7 45. g5 Qe7 46. Rd3 Qxg5
47. Qd2 Qf6 48. Qf2 Qf7 49. b3 Qb7 50. Qe2 Qe7 51. Qh5 Rh6 52. Qd1 Rg6 53. Qe1
Qg5 54. Qf2 Rh6 55. b4 Qh5 56. Qf3 Qxf3 57. gxf3 cxb4 58. Rd5 Kf7 59. Ra5 Ke7
60. Rxa6 Rh3 61. Kg2 Rg3+ 62. Kf2 Rh3 63. Kg2 Rg3+ 64. Kf2 Rh3 65. Kg2 Rg3+
1/2-1/2

[Event "Guernsey Open 47th"]
[Site "Guernsey"]
[Date "2023.10.16"]
[Round "2"]
[White "Kennedy, Craig"]
[Black "Campbell, Ian"]
[Result "0-1"]
[WhiteElo "1797"]
[BlackElo "1920"]
[PlyCount "52"]
[EventDate "2023.10.15"]
[EventType "swiss"]
[EventRounds "7"]
[EventCountry "GCI"]
[SourceVersionDate "2023.10.28"]

1. d4 e6 2. e4 d6 3. c4 g6 4. Nc3 Bg7 5. Be2 Ne7 6. g4 b6 7. h4 h6 8. f4 Bb7 9.
Nf3 Nd7 10. Be3 Nf6 11. Nd2 h5 12. g5 Nd7 13. Bd3 c5 14. d5 a6 15. O-O Qc7 16.
Qc2 exd5 17. exd5 O-O-O 18. a4 Rde8 19. Bf2 Kb8 20. a5 Bc8 21. axb6 Nxb6 22.
Rfb1 Nf5 23. b4 Nd4 24. Qb2 Re2 25. Kf1 Rxd2 26. Qxd2 Bh3+ 0-1

[Event "Guernsey Open 47th"]
[Site "Guernsey"]
[Date "2023.10.16"]
[Round "2"]
[White "Hawkins, James NH"]
[Black "Downey, Keith"]
[Result "1/2-1/2"]
[WhiteElo "1907"]
[BlackElo "1742"]
[PlyCount "39"]
[EventDate "2023.10.15"]
[EventType "swiss"]
[EventRounds "7"]
[EventCountry "GCI"]
[SourceVersionDate "2023.10.28"]

1. e4 c5 2. Nf3 d6 3. d4 cxd4 4. Nxd4 Nf6 5. Nc3 Nc6 6. Be2 e6 7. O-O a6 8. a4
Be7 9. Be3 O-O 10. Kh1 Qc7 11. f4 Bd7 12. Qd2 Rac8 13. Rad1 Nxd4 14. Bxd4 Bc6
15. Bf3 e5 16. Be3 Kh8 17. Rc1 b6 18. Rfe1 Qb7 19. Bf2 Rfe8 20. Rcd1 1/2-1/2

[Event "Guernsey Open 47th"]
[Site "Guernsey"]
[Date "2023.10.16"]
[Round "2"]
[White "Kirk, Matthew"]
[Black "De Kruif, Kees"]
[Result "1/2-1/2"]
[WhiteElo "1747"]
[BlackElo "1887"]
[PlyCount "45"]
[EventDate "2023.10.15"]
[EventType "swiss"]
[EventRounds "7"]
[EventCountry "GCI"]
[SourceVersionDate "2023.10.28"]

1. d4 Nf6 2. c4 e5 3. dxe5 Ne4 4. a3 a5 5. Nf3 Nc6 6. Qc2 Nc5 7. Nc3 d6 8. e3
dxe5 9. Be2 Be7 10. O-O Be6 11. Rd1 Qc8 12. Nd5 f6 13. e4 O-O 14. Be3 Bd6 15.
Nb6 cxb6 16. Rxd6 Rd8 17. Rad1 Rxd6 18. Rxd6 Qe8 19. Bxc5 bxc5 20. Qd2 Qe7 21.
Rd3 Nd4 22. Nxd4 exd4 23. Rg3 1/2-1/2

[Event "Guernsey Open 47th"]
[Site "Guernsey"]
[Date "2023.10.16"]
[Round "2"]
[White "Murray, J Stephen"]
[Black "Forbes, Garry"]
[Result "0-1"]
[WhiteElo "1702"]
[BlackElo "1834"]
[PlyCount "88"]
[EventDate "2023.10.15"]
[EventType "swiss"]
[EventRounds "7"]
[EventCountry "GCI"]
[SourceVersionDate "2023.10.28"]

1. e4 d5 2. exd5 Nf6 3. Bb5+ Nbd7 4. c4 a6 5. Ba4 b5 6. cxb5 Nxd5 7. Nc3 N7b6
8. bxa6+ Nxa4 9. Qxa4+ Bd7 10. Qc4 Nb6 11. Qe2 Bc8 12. Qb5+ Bd7 13. Qd3 Qc8 14.
Nf3 Rxa6 15. O-O e6 16. Re1 Be7 17. Ne5 O-O 18. Nxd7 Nxd7 19. Ne4 Rd8 20. Qc3
Nb6 21. d4 Nd5 22. Qc4 Nb6 23. Qc3 Ra4 24. Rd1 Nd5 25. Qd3 Qa8 26. a3 Qb7 27.
Nc5 Bxc5 28. dxc5 Rg4 29. g3 Rf8 30. b4 Qa7 31. Bd2 h5 32. h3 Rg6 33. h4 Nf6
34. Qf3 Ng4 35. a4 Rf6 36. Qc3 Rxf2 37. Rf1 Rxf1+ 38. Kxf1 Qb7 39. Re1 Rd8 40.
c6 Qa6+ 41. Kg1 Qxa4 42. Bf4 Rd1 43. Kf1 Qa6+ 44. Kg2 Qa2+ 0-1

[Event "Guernsey Open 47th"]
[Site "Guernsey"]
[Date "2023.10.16"]
[Round "2"]
[White "Cheng, Louis"]
[Black "Hertog, Alexander"]
[Result "0-1"]
[WhiteElo "1692"]
[BlackElo "1626"]
[PlyCount "138"]
[EventDate "2023.10.15"]
[EventType "swiss"]
[EventRounds "7"]
[EventCountry "GCI"]
[SourceVersionDate "2023.10.28"]

1. e4 c6 2. d4 d5 3. Nc3 dxe4 4. Nxe4 Nd7 5. Nf3 Ngf6 6. Nxf6+ Nxf6 7. c3 Bg4
8. h3 Bxf3 9. Qxf3 e6 10. Bf4 Bd6 11. Bxd6 Qxd6 12. Be2 h6 13. O-O O-O 14. Rad1
Rad8 15. Rfe1 Rfe8 16. Bc4 Rd7 17. Bb3 Rde7 18. Re3 Qc7 19. Red3 e5 20. dxe5
Rxe5 21. g3 Qc8 22. Kg2 Rf5 23. Rd8 Rxf3 24. Rxc8 Rxf2+ 25. Kxf2 Rxc8 26. Kf3
Re8 27. Rd2 g6 28. a4 Kg7 29. h4 h5 30. Bc2 Ng4 31. Bd1 Re7 32. Rd4 Ne3 33. Bb3
Ng4 34. Bd1 Re6 35. Rd2 Rf6+ 36. Ke4 Nf2+ 37. Ke3 Nxd1+ 38. Rxd1 Re6+ 39. Kf3
Kf6 40. Rd7 Re7 41. Rd6+ Ke5 42. Rd8 Ke6 43. Rd4 c5 44. Rd2 Rd7 45. Re2+ Kd5
46. b3 Kc6 47. Re3 b5 48. axb5+ Kxb5 49. Ke2 a5 50. Re8 Rb7 51. Kd3 Rb6 52. Rd8
Rf6 53. Ke2 c4 54. Rb8+ Kc5 55. b4+ axb4 56. cxb4+ Kd4 57. b5 Kc5 58. Rb7 Re6+
59. Kd2 f5 60. Rb8 Rb6 61. Rc8+ Kxb5 62. Kc3 Re6 63. Rb8+ Kc5 64. Rc8+ Kd5 65.
Rd8+ Ke4 66. Kxc4 Kf3 67. Rd3+ Re3 68. Rd6 Re4+ 69. Kd3 Rg4 0-1

[Event "Guernsey Open 47th"]
[Site "Guernsey"]
[Date "2023.10.17"]
[Round "3"]
[White "Grieve, Harry"]
[Black "Thurlow, Kevin J"]
[Result "1-0"]
[WhiteElo "2458"]
[BlackElo "2020"]
[PlyCount "44"]
[EventDate "2023.10.15"]
[EventType "swiss"]
[EventRounds "7"]
[EventCountry "GCI"]
[SourceVersionDate "2023.10.28"]

1. e4 c5 2. Nf3 e6 3. d4 cxd4 4. Nxd4 Nc6 5. Nc3 a6 6. Be3 Qc7 7. Qf3 b5 8. Qg3
Qxg3 9. hxg3 Nf6 10. f3 Bb7 11. g4 O-O-O 12. g5 Ne8 13. O-O-O Be7 14. Nb3 d6
15. Be2 f6 16. gxf6 Nxf6 17. g4 h6 18. Nd4 Nxd4 19. Bxd4 e5 20. Bb6 Rdf8 21.
Ba5 Kd7 22. a4 Kc6 1-0

[Event "Guernsey Open 47th"]
[Site "Guernsey"]
[Date "2023.10.17"]
[Round "3"]
[White "Hertog, Alexander"]
[Black "Gormally, Daniel W"]
[Result "0-1"]
[WhiteElo "1626"]
[BlackElo "2443"]
[PlyCount "42"]
[EventDate "2023.10.15"]
[EventType "swiss"]
[EventRounds "7"]
[EventCountry "GCI"]
[SourceVersionDate "2023.10.28"]

1. d4 Nf6 2. c4 e6 3. Nf3 b6 4. g3 Ba6 5. Qc2 c5 6. Bg2 Nc6 7. Qa4 Qc8 8. dxc5
Bxc5 9. O-O O-O 10. Bd2 Be7 11. Nc3 Na5 12. Nd4 Bb7 13. Bxb7 Qxb7 14. Ncb5 a6
15. Na3 Qe4 16. Bxa5 Qxd4 17. Bc3 Qe4 18. Qd1 Qc6 19. Qb3 Ne4 20. Bb4 Bc5 21.
e3 Ng5 0-1

[Event "Guernsey Open 47th"]
[Site "Guernsey"]
[Date "2023.10.17"]
[Round "3"]
[White "Arkell, Keith C"]
[Black "Giulian, Philip M"]
[Result "1-0"]
[WhiteElo "2355"]
[BlackElo "2081"]
[PlyCount "115"]
[EventDate "2023.10.15"]
[EventType "swiss"]
[EventRounds "7"]
[EventCountry "GCI"]
[SourceVersionDate "2023.10.28"]

1. d4 d5 2. c4 e6 3. cxd5 exd5 4. Nf3 c6 5. Nc3 Nf6 6. Qc2 g6 7. Bg5 Be7 8. e3
Bf5 9. Bd3 Bxd3 10. Qxd3 O-O 11. Bxf6 Bxf6 12. b4 a6 13. O-O Be7 14. Rab1 Nd7
15. a4 Nb6 16. Rfc1 Re8 17. Qd1 Bd6 18. g3 Bf8 19. Ne5 Bg7 20. Nd3 Nc4 21. b5
axb5 22. axb5 Bf8 23. bxc6 bxc6 24. Na4 Ba3 25. Nab2 Nxb2 26. Nxb2 Rb8 27. Qc2
Qd6 28. Rd1 Rxb2 29. Rxb2 Bxb2 30. Qxb2 Rb8 31. Qa2 Rb6 32. Rc1 Qb8 33. Kg2 Kg7
34. Qa3 Kf6 35. Qc5 Ra6 36. g4 h6 37. h3 Qe8 38. Qd6+ Kg7 39. Kg3 Qe6 40. Qc7
Qf6 41. Rc2 h5 42. Qf4 hxg4 43. Qxf6+ Kxf6 44. Kxg4 Kg7 45. h4 f6 46. h5 gxh5+
47. Kxh5 Kf7 48. Kg4 Ke6 49. Kf4 Rb6 50. Rc1 Ra6 51. Rc3 Rb6 52. Rc2 Ra6 53. f3
Rb6 54. Rc1 Ra6 55. e4 dxe4 56. fxe4 Rb6 57. Rxc6+ Rxc6 58. d5+ 1-0

[Event "Guernsey Open 47th"]
[Site "Guernsey"]
[Date "2023.10.17"]
[Round "3"]
[White "Levesque, Guillaume"]
[Black "Giulian, Rosemary A"]
[Result "1-0"]
[WhiteElo "1952"]
[BlackElo "1866"]
[PlyCount "117"]
[EventDate "2023.10.15"]
[EventType "swiss"]
[EventRounds "7"]
[EventCountry "GCI"]
[SourceVersionDate "2023.10.28"]

1. d4 e6 2. c4 Nf6 3. Nc3 Bb4 4. e3 O-O 5. Bd3 d5 6. a3 Bxc3+ 7. bxc3 dxc4 8.
Bxc4 c5 9. Ne2 Qc7 10. Bd3 b6 11. O-O Ba6 12. e4 Bxd3 13. Qxd3 e5 14. d5 c4 15.
Qf3 Nbd7 16. Ng3 Nc5 17. Bg5 Ne8 18. Qg4 f6 19. Be3 Nd6 20. Bxc5 Qxc5 21. Nf5
Nxf5 22. Qxf5 Qd6 23. Rfd1 Rae8 24. a4 g6 25. Qf3 f5 26. a5 bxa5 27. Rxa5 fxe4
28. Qe3 Qb6 29. Rxa7 Qxe3 30. fxe3 Rf7 31. Ra4 Rc8 32. d6 Rd7 33. Ra5 Rc6 34.
Rxe5 Rcxd6 35. Rxd6 Rxd6 36. Rxe4 Rd3 37. Rxc4 Rxe3 38. Rc7 Re2 39. h3 Rc2 40.
Kh2 Kf8 41. Kg3 Ke8 42. Kf3 h6 43. g3 Kd8 44. Rc6 Ke7 45. Rxg6 Rxc3+ 46. Kg4
Kf7 47. Rxh6 Rc4+ 48. Kh5 Rc5+ 49. Kh4 Kg7 50. Ra6 Rb5 51. g4 Rb3 52. g5 Rc3
53. Kg4 Rc8 54. h4 Rc7 55. Kh5 Kg8 56. Kg6 Rg7+ 57. Kf5 Kh7 58. Rh6+ Kg8 59.
Rg6 1-0

[Event "Guernsey Open 47th"]
[Site "Guernsey"]
[Date "2023.10.17"]
[Round "3"]
[White "Browning, Isaac"]
[Black "Wager, John D"]
[Result "1-0"]
[WhiteElo "1962"]
[BlackElo "2047"]
[PlyCount "59"]
[EventDate "2023.10.15"]
[EventType "swiss"]
[EventRounds "7"]
[EventCountry "GCI"]
[SourceVersionDate "2023.10.28"]

1. e4 c6 2. d4 d5 3. e5 Bf5 4. h4 h6 5. g4 Be4 6. f3 Bh7 7. e6 fxe6 8. Bd3 Nf6
9. Bxh7 Rxh7 10. Nc3 Na6 11. Qd3 Qd6 12. Qg6+ Kd7 13. f4 h5 14. g5 Rh8 15. gxf6
gxf6 16. Be3 Bh6 17. Qg3 Rag8 18. Qh2 Rg4 19. Nge2 Rhg8 20. O-O-O b5 21. Qh3 b4
22. Na4 Rg2 23. Rh2 R2g4 24. Kb1 Qb8 25. b3 Ke8 26. Rhh1 Kf7 27. f5 Rg3 28.
fxe6+ Ke8 29. Nxg3 Rxg3 30. Qf1 1-0

[Event "Guernsey Open 47th"]
[Site "Guernsey"]
[Date "2023.10.17"]
[Round "3"]
[White "Punnett, Alan K"]
[Black "Campbell, Ian"]
[Result "1/2-1/2"]
[WhiteElo "2071"]
[BlackElo "1920"]
[PlyCount "82"]
[EventDate "2023.10.15"]
[EventType "swiss"]
[EventRounds "7"]
[EventCountry "GCI"]
[SourceVersionDate "2023.10.28"]

1. e4 g6 2. Nc3 Bg7 3. f4 d6 4. Nf3 e6 5. d4 Ne7 6. Bd3 Nbc6 7. Be3 Nb4 8. Be2
d5 9. e5 a6 10. a3 Nbc6 11. Bf2 b6 12. O-O Bb7 13. b4 Nf5 14. Bd3 Nce7 15. Ne2
h5 16. Ng5 Qd7 17. Qd2 Nh6 18. Kh1 Nef5 19. Ng1 Ng4 20. N1f3 Nxf2+ 21. Qxf2 Bf8
22. c3 Be7 23. Rfd1 Bc6 24. Qe2 Bb5 25. c4 dxc4 26. Bxc4 Bxc4 27. Qxc4 Ne3 28.
Qb3 Nxd1 29. Rxd1 Bxg5 30. Nxg5 O-O-O 31. a4 Rhf8 32. a5 Qd5 33. Qc3 Kb7 34.
Nh7 Rh8 35. Rc1 Rc8 36. Nf6 Qb5 37. h3 Rhd8 38. Kh2 Kb8 39. Kh1 Ka8 40. Kh2 h4
41. Rc2 Kb8 1/2-1/2

[Event "Guernsey Open 47th"]
[Site "Guernsey"]
[Date "2023.10.17"]
[Round "3"]
[White "Dijksterhuis, Rolf"]
[Black "Hamperl, Fred"]
[Result "1/2-1/2"]
[WhiteElo "1872"]
[BlackElo "1998"]
[PlyCount "38"]
[EventDate "2023.10.15"]
[EventType "swiss"]
[EventRounds "7"]
[EventCountry "GCI"]
[SourceVersionDate "2023.10.28"]

1. e4 c5 2. Nf3 Nc6 3. d4 cxd4 4. Nxd4 e5 5. Nb5 d6 6. a4 a6 7. N5a3 Nf6 8. Bg5
Be7 9. Bxf6 Bxf6 10. Nc3 Be6 11. Bc4 O-O 12. O-O Bg5 13. Nd5 Rb8 14. c3 Qd7 15.
b4 Ne7 16. Nb6 Qc7 17. Bxe6 fxe6 18. Qg4 Qxb6 19. Qxg5 Rf6 1/2-1/2

[Event "Guernsey Open 47th"]
[Site "Guernsey"]
[Date "2023.10.17"]
[Round "3"]
[White "Kraft, Karl Heinz"]
[Black "Goris, Ton"]
[Result "0-1"]
[WhiteElo "1993"]
[BlackElo "1881"]
[PlyCount "50"]
[EventDate "2023.10.15"]
[EventType "swiss"]
[EventRounds "7"]
[EventCountry "GCI"]
[SourceVersionDate "2023.10.28"]

1. e4 e6 2. d4 d5 3. Nc3 Bb4 4. e5 c5 5. Qg4 Ne7 6. dxc5 Nbc6 7. Bd2 Ng6 8. Nf3
O-O 9. Bd3 Bxc5 10. Qh5 Be7 11. O-O Nb4 12. Ng5 Bxg5 13. Bxg5 Qe8 14. Rfe1 Nxd3
15. cxd3 Bd7 16. Bf6 gxf6 17. exf6 Qd8 18. Qg5 h6 19. Qxh6 Qxf6 20. Re3 Qh4 21.
Qxh4 Nxh4 22. Rg3+ Ng6 23. h4 Kh7 24. Re1 Rg8 25. Ree3 d4 0-1

[Event "Guernsey Open 47th"]
[Site "Guernsey"]
[Date "2023.10.17"]
[Round "3"]
[White "Forbes, Garry"]
[Black "Rosen, Daniel B"]
[Result "0-1"]
[WhiteElo "1834"]
[BlackElo "1981"]
[PlyCount "70"]
[EventDate "2023.10.15"]
[EventType "swiss"]
[EventRounds "7"]
[EventCountry "GCI"]
[SourceVersionDate "2023.10.28"]

1. d4 f5 2. Bg5 h6 3. Bh4 g5 4. Bg3 Nf6 5. e4 fxe4 6. f3 d5 7. c4 e6 8. Nc3 Nc6
9. fxe4 dxe4 10. Bf2 Bg7 11. h3 Qe7 12. Qd2 Bd7 13. O-O-O O-O-O 14. Qe1 Qf7 15.
Nge2 Nb4 16. Ng3 Bc6 17. Be3 Nd3+ 18. Bxd3 exd3 19. Rg1 Qg6 20. Qd2 a6 21. Qxd3
Qxd3 22. Rxd3 b5 23. b3 Rhf8 24. Rd2 Rd7 25. Nd1 Ne8 26. Nf2 Nd6 27. Nd3 bxc4
28. Nc5 c3 29. Rc2 Re7 30. Nxa6 e5 31. Rd1 exd4 32. Bxd4 Bxd4 33. Rxd4 Re3 34.
Nb4 Nb5 35. Rd3 Rxg3 0-1

[Event "Guernsey Open 47th"]
[Site "Guernsey"]
[Date "2023.10.17"]
[Round "3"]
[White "Morgan, Jamie"]
[Black "Santos, Joao Artur Almeida"]
[Result "1/2-1/2"]
[WhiteElo "1774"]
[BlackElo "1964"]
[PlyCount "41"]
[EventDate "2023.10.15"]
[EventType "swiss"]
[EventRounds "7"]
[EventCountry "GCI"]
[SourceVersionDate "2023.10.28"]

1. e4 c5 2. Nc3 d6 3. f4 Nc6 4. Bb5 Bd7 5. Bxc6 Bxc6 6. Nf3 Nf6 7. d3 e6 8. O-O
Be7 9. Qe2 O-O 10. Kh1 b5 11. e5 Nd5 12. Ne4 Rc8 13. Nxd6 Bxd6 14. exd6 Qxd6
15. Ne5 Bb7 16. c4 f6 17. Nf3 Nc7 18. Be3 Rcd8 19. Qf2 Qxd3 20. Bxc5 Rfe8 21.
Bxa7 1/2-1/2

[Event "Guernsey Open 47th"]
[Site "Guernsey"]
[Date "2023.10.17"]
[Round "3"]
[White "Ingham, H William"]
[Black "Rowe, Peter"]
[Result "1/2-1/2"]
[WhiteElo "1787"]
[BlackElo "1938"]
[PlyCount "48"]
[EventDate "2023.10.15"]
[EventType "swiss"]
[EventRounds "7"]
[EventCountry "GCI"]
[SourceVersionDate "2023.10.28"]

1. d4 Nf6 2. Nf3 d6 3. c4 Nbd7 4. Nc3 e5 5. Bg5 Be7 6. e3 c6 7. Qc2 h6 8. Bh4
a6 9. Be2 Qc7 10. O-O O-O 11. b4 Re8 12. Rac1 exd4 13. exd4 Nf8 14. c5 Bg4 15.
h3 Bh5 16. Rfe1 Bg6 17. Bd3 Nh5 18. Bxe7 Rxe7 19. Rxe7 Qxe7 20. Re1 Qd7 21.
Bxg6 Nxg6 22. Qe2 Nf6 23. Ne4 Nxe4 24. Qxe4 dxc5 1/2-1/2

[Event "Guernsey Open 47th"]
[Site "Guernsey"]
[Date "2023.10.17"]
[Round "3"]
[White "Dilleigh, Stephen P"]
[Black "Kirk, Matthew"]
[Result "1-0"]
[WhiteElo "2031"]
[BlackElo "1747"]
[PlyCount "103"]
[EventDate "2023.10.15"]
[EventType "swiss"]
[EventRounds "7"]
[EventCountry "GCI"]
[SourceVersionDate "2023.10.28"]

1. Nf3 d5 2. d4 Nf6 3. c4 c6 4. Nc3 e6 5. e3 Nbd7 6. Qc2 Bd6 7. Bd3 O-O 8. O-O
dxc4 9. Bxc4 b5 10. Be2 Bb7 11. Rd1 b4 12. Na4 Qe7 13. e4 e5 14. dxe5 Nxe5 15.
Nd4 Bc7 16. Nf5 Qe8 17. Nc5 Bc8 18. Bg5 Bxf5 19. Bxf6 Bg6 20. Bh4 Bb6 21. Bg3
Qe7 22. Bxe5 Bxc5 23. Bd4 Bxd4 24. Rxd4 c5 25. Rc4 a5 26. Bf3 Rac8 27. Rc1 Qe5
28. b3 Rfd8 29. Rxc5 Rxc5 30. Qxc5 Qb2 31. Qc8 Qd2 32. h3 h6 33. Qc7 Rd7 34.
Qc6 Rd6 35. Qc5 Qf4 36. Re1 Rd3 37. Qxa5 Rxf3 38. gxf3 Qxf3 39. Qxb4 Qxh3 40.
Qb8+ Kh7 41. Qf4 Qc3 42. Qe3 Qa5 43. a4 f6 44. Rd1 Qh5 45. Rd4 Qg4+ 46. Kf1 Qh5
47. Ke1 Qh1+ 48. Kd2 Bh5 49. Kc3 Qb1 50. e5 Qa1+ 51. Kb4 fxe5 52. Qxe5 1-0

[Event "Guernsey Open 47th"]
[Site "Guernsey"]
[Date "2023.10.17"]
[Round "3"]
[White "Downey, Keith"]
[Black "Strade, Arita"]
[Result "0-1"]
[WhiteElo "1742"]
[BlackElo "1926"]
[PlyCount "74"]
[EventDate "2023.10.15"]
[EventType "swiss"]
[EventRounds "7"]
[EventCountry "GCI"]
[SourceVersionDate "2023.10.28"]

1. c4 e5 2. g3 Nf6 3. Bg2 Bc5 4. Nc3 c6 5. e3 O-O 6. Nge2 Bb4 7. O-O d5 8. cxd5
Bxc3 9. Nxc3 cxd5 10. d4 e4 11. Bd2 Nc6 12. a3 a5 13. Rc1 Bd7 14. Qb3 Ne7 15.
a4 Bc6 16. f3 exf3 17. Bxf3 Qd7 18. Qd1 Nc8 19. b3 Nd6 20. Qe2 Nde4 21. Bg2
Nxd2 22. Qxd2 Rfe8 23. Rce1 Re7 24. Kh1 Rae8 25. Nd1 b6 26. Nc3 Ne4 27. Qd3 Bb7
28. Na2 Qd6 29. Rc1 Qh6 30. Rf4 Nxg3+ 31. Kg1 Nh5 32. Rf3 Rxe3 33. Rxe3 Rxe3
34. Qf5 g6 35. Qd7 Ba6 36. Qxd5 Nf6 37. Qd8+ Kg7 0-1

[Event "Guernsey Open 47th"]
[Site "Guernsey"]
[Date "2023.10.17"]
[Round "3"]
[White "Stockham, Oliver"]
[Black "Hawkins, James NH"]
[Result "1-0"]
[WhiteElo "1806"]
[BlackElo "1907"]
[PlyCount "71"]
[EventDate "2023.10.15"]
[EventType "swiss"]
[EventRounds "7"]
[EventCountry "GCI"]
[SourceVersionDate "2023.10.28"]

1. Nf3 Nf6 2. e3 g6 3. b4 Bg7 4. Bb2 O-O 5. d4 d5 6. c4 c6 7. Nc3 Bg4 8. h3
Bxf3 9. Qxf3 e6 10. Bd3 Nbd7 11. O-O Re8 12. c5 e5 13. Qd1 e4 14. Be2 Qe7 15.
b5 Nf8 16. a4 N6d7 17. a5 a6 18. bxc6 bxc6 19. Na4 Ne6 20. Rb1 Nc7 21. Bc3 Rab8
22. Be1 Rxb1 23. Qxb1 Rb8 24. Qc2 f5 25. Nc3 g5 26. f3 exf3 27. Rxf3 f4 28. Bf2
Rf8 29. e4 dxe4 30. Qxe4 Qxe4 31. Nxe4 Re8 32. Bc4+ Nd5 33. Nd6 Re6 34. Bxa6
Kf8 35. Bb7 Nb8 36. a6 1-0

[Event "Guernsey Open 47th"]
[Site "Guernsey"]
[Date "2023.10.17"]
[Round "3"]
[White "De Kruif, Kees"]
[Black "Cheng, Louis"]
[Result "0-1"]
[WhiteElo "1887"]
[BlackElo "1692"]
[PlyCount "114"]
[EventDate "2023.10.15"]
[EventType "swiss"]
[EventRounds "7"]
[EventCountry "GCI"]
[SourceVersionDate "2023.10.28"]

1. b4 e5 2. Bb2 Bxb4 3. Bxe5 Nf6 4. Nf3 O-O 5. e3 d5 6. Be2 c5 7. O-O Nc6 8.
Bb2 Ba5 9. d3 d4 10. Nbd2 Be6 11. Nb3 Bb6 12. e4 Qc7 13. Bc1 c4 14. dxc4 Nxe4
15. Ba3 Rfe8 16. Bd3 Nc3 17. Qd2 Rad8 18. Rfe1 h6 19. Nfxd4 Nxd4 20. Qxc3 Nb5
21. Qb4 Nxa3 22. Qxa3 a6 23. Qb4 Bd4 24. Nxd4 Rxd4 25. Re3 Red8 26. Qe1 Qd7 27.
Qe2 Qc6 28. Re1 Rg4 29. f3 Rg5 30. Re4 Qc5+ 31. Qe3 Qxe3+ 32. R4xe3 Ra5 33. Rb1
Rd7 34. Rb2 Rc7 35. Kf2 g5 36. Re4 Ra4 37. c5 Rxa2 38. Rxa2 Bxa2 39. Re8+ Kg7
40. Rb8 Bd5 41. c4 Be6 42. Ke3 Rxc5 43. Kd4 Rc7 44. c5 Rd7+ 45. Kc3 Rd5 46.
Rxb7 Rxc5+ 47. Kd4 Rd5+ 48. Ke4 Ra5 49. Rb6 Bf5+ 50. Ke3 Ra3 51. Rd6 Rxd3+ 52.
Rxd3 Bxd3 53. Kxd3 Kf6 54. Kc4 Ke5 55. Kc5 Kf4 56. Kb6 Ke3 57. Kxa6 Kf2 0-1

[Event "Guernsey Open 47th"]
[Site "Guernsey"]
[Date "2023.10.17"]
[Round "3"]
[White "Kennedy, Craig"]
[Black "Heppell, Ian N"]
[Result "1/2-1/2"]
[WhiteElo "1797"]
[BlackElo "1944"]
[PlyCount "32"]
[EventDate "2023.10.15"]
[EventType "swiss"]
[EventRounds "7"]
[EventCountry "GCI"]
[SourceVersionDate "2023.10.28"]

1. d4 d6 2. Nc3 g6 3. e4 Bg7 4. Bf4 Nd7 5. Nf3 e5 6. dxe5 dxe5 7. Bg5 Ngf6 8.
Qd2 h6 9. Bh4 c6 10. O-O-O Qe7 11. Kb1 O-O 12. Bd3 Nc5 13. h3 Nxd3 14. Qxd3 Be6
15. Nd2 Rfd8 16. Qe2 Rd4 1/2-1/2

[Event "Guernsey Open 47th"]
[Site "Guernsey"]
[Date "2023.10.18"]
[Round "4"]
[White "Levesque, Guillaume"]
[Black "Grieve, Harry"]
[Result "0-1"]
[WhiteElo "1952"]
[BlackElo "2458"]
[PlyCount "46"]
[EventDate "2023.10.15"]
[EventType "swiss"]
[EventRounds "7"]
[EventCountry "GCI"]
[SourceVersionDate "2023.10.28"]

1. d4 d5 2. c4 e6 3. Nc3 a6 4. cxd5 exd5 5. Bf4 Nf6 6. e3 c5 7. Nge2 Nc6 8.
dxc5 Bxc5 9. Nd4 Bxd4 10. exd4 Qb6 11. Qd2 O-O 12. Be3 Bf5 13. Be2 Ne4 14. Nxe4
Bxe4 15. O-O Rfe8 16. Rfc1 Nb4 17. a3 Nc2 18. Rxc2 Qg6 19. Bf3 Bxf3 20. g3 Qf5
21. Qc1 Be4 22. Rc3 Qf3 23. Kf1 Bf5 0-1

[Event "Guernsey Open 47th"]
[Site "Guernsey"]
[Date "2023.10.18"]
[Round "4"]
[White "Thurlow, Kevin J"]
[Black "Browning, Isaac"]
[Result "1/2-1/2"]
[WhiteElo "2020"]
[BlackElo "1962"]
[PlyCount "46"]
[EventDate "2023.10.15"]
[EventType "swiss"]
[EventRounds "7"]
[EventCountry "GCI"]
[SourceVersionDate "2023.10.28"]

1. c4 g6 2. d4 Nf6 3. Nc3 d5 4. cxd5 Nxd5 5. g3 c5 6. Bg2 Nxc3 7. bxc3 Bg7 8.
Bb2 cxd4 9. cxd4 Qa5+ 10. Qd2 Qxd2+ 11. Kxd2 Nc6 12. e3 O-O 13. Ne2 Rd8 14.
Rhd1 Be6 15. Bc3 Rac8 16. Ke1 Bc4 17. Rdc1 e6 18. a4 Bf8 19. Rab1 Ba3 20. Bb2
Bb4+ 21. Bc3 Ba3 22. Bb2 Bb4+ 23. Bc3 Ba3 1/2-1/2